KOHA-Header-6

Principles of Information Security (Record no. 13831)

000 -LEADER
fixed length control field 00328nam a22001337a 4500
020 ## - INTERNATIONAL STANDARD BOOK NUMBER
ISBN 9780357506431
082 ## - DEWEY DECIMAL CLASSIFICATION NUMBER
Classification number 005.8
100 ## - MAIN ENTRY--AUTHOR NAME
Personal name Michael E. Whitman ; Herbert J. Mattord
245 ## - TITLE STATEMENT
Title Principles of Information Security
250 ## - EDITION STATEMENT
Edition statement 7th edition
260 ## - PUBLICATION, DISTRIBUTION, ETC. (IMPRINT)
Place of publication Australia
Name of publisher Cengage
Year of publication 2022
300 ## - PHYSICAL DESCRIPTION
Number of Pages 752 pages
942 ## - ADDED ENTRY ELEMENTS (KOHA)
Koha item type Books
Holdings
Withdrawn status Lost status Collection code Permanent Location Current Location Shelving location Date acquired Full call number Accession Number Koha item type
    Computer Science MAJU MAJU Shelf No.A31 2023-12-05 005.8 10925 Computer Science

Powered by Koha